| 000 | 00888nam a2200253 i 4500 | ||
|---|---|---|---|
| 001 | bg | ||
| 100 | 1 | _aZYMON, Wiesław | |
| 245 | 1 | 0 |
_aWpływ warunków hydrolizy soli glinu na efekty procesu koagulacji w uzdatnianiu wód / _cWiesław Zymon. |
| 260 |
_aKraków : _bPK, _c2004. |
||
| 300 |
_a139 s. : _bwykr. ; _c24 cm. |
||
| 490 | 1 | _aMonografia / Politechnika Krakowska im. Tadeusza Kościuszki. Inżynieria Środowiska | |
| 500 | _aISSN i nr serii gł.: 0860-097X ; 313. - Streszcz. ang., niem. | ||
| 504 | _aBibliogr. | ||
| 650 | 9 |
_aUzdatnianie wody _xmetody |
|
| 650 | 9 | _aKoagulacja | |
| 650 | 9 | _aHydroliza | |
| 650 | 9 | _aSiarczany | |
| 830 | 0 |
_aMonografia (Politechnika Krakowska im. Tadeusza Kościuszki). _pInżynieria Środowiska |
|
| 040 | _cBPK | ||
| 041 | 0 |
_apol _bengger |
|
| 080 | _a628.1:544:546.1/.2 | ||
| 942 | _cKS | ||
| 008 | s pl f |000 0 pol | ||
| 999 |
_c46341 _d46341 |
||
| 856 |
_uhttp://koha.tu.koszalin.pl/cgi-bin/koha/opac-detail.pl?biblionumber=46341 _yKatalog online BPK |
||